00831cam a2200241 a 450000100100000000500170001000800410002702000150006804000300008308200230011310000350013624500590017126000370023030000180026749000210028565000280030665000420033483000290037691000340040504900090043995201260044899900150057400000895720200929161441.0920321s1990 sp 000 f spa  a8432205818 aDO-SdBNPbspacDLCdBNPHU a863.64bG724, 19901 aGoytisolo, Juan,d1931-92354914aLas virtudes del pájaro solitario /cJuan Goytisolo. aBarcelona :bSeix Barral,c1990. a171 ;c20 cm.1 aBiblioteca breve 4aNovela española91123 4aLiteratura españolaySIGLO XX93326 0aBiblioteca breve.913442 aCatalogación por copia / LC aBNGR 001052708MOaGRbGRcCTd2009-09-21iLF1l0o863.64 G724, 1990p8957-10r2020-06-25w2020-06-25y2ZPréstamo interno c8721d8721